000
00314nam a2200133Ia 4500
008
190216s9999||||xx |||||||||||||| ||und||
100
_a
Gupta. Vk And Varshneya. Yp
245
0
_a
Introduction To Gymnosperms
250
_a
1st Ed.
260
_b
Kedernath Ramnath
300
_a
223
650
_a
Botany
942
_c
BK
999
_c
1319
_d
1319